Normal view
MARC view
Entry Personal Name
001 - CONTROL NUMBER
- control field: 14984
003 - CONTROL NUMBER IDENTIFIER
- control field: OSt
005 - DATE AND TIME OF LATEST TRANSACTION
- control field: 20210930131332.0
008 - FIXED-LENGTH DATA ELEMENTS
- fixed length control field: 210930|| aca||aabn | a|a d
040 ## - CATALOGING SOURCE
- Original cataloging agency: OSt
- Transcribing agency: OSt
100 ## - HEADING--PERSONAL NAME
- Personal name: Breivik,Harald; Shipley,Michael;
670 ## - SOURCE DATA FOUND
- Source citation: Work cat.: (OSt): Breivik,Harald; Shipley,Michael;, Pain Best Practice & Research Compendium., 2007.
